Meisterschaften des FC Bayern München - Sudden Death - Statistiken

Allgemein
  • Dieses Quiz wurde 286 mal gespielt
  • Das Durchschnittsergebnis liegt bei 14 aus 32
Answers on the Grid
Answers color-coded by a green-red scale on the quiz's grid according to % correct below.
1963/64
1964/65
1965/66
1966/67
1967/68
1968/69
1969/70
1970/71
1971/72
1972/73
1973/74
1974/75
1975/76
1976/77
1977/78
1978/79
1979/80
1980/81
1981/82
1982/83
1983/84
1984/85
1985/86
1986/87
1987/88
1988/89
1989/90
1990/91
1991/92
1992/93
1993/94
1994/95
1995/96
1996/97
1997/98
1998/99
1999/00
2000/01
2001/02
2002/03
2003/04
2004/05
2005/06
2006/07
2007/08
2008/09
2009/10
2010/11
2011/12
2012/13
2013/14
2014/15
2015/16
2016/17
2017/18
2018/19
2019/20
2020/21
2021/22
2022/23
2023/24
 
Antwortstatistiken
Antwort % Korrekt
2020/21
96%
2019/20
95%
2021/22
94%
2018/19
93%
2015/16
92%
2016/17
92%
2017/18
92%
2022/23
91%
2014/15
89%
2013/14
88%
2012/13
71%
2009/10
56%
2000/01
34%
2007/08
34%
2005/06
31%
2004/05
23%
1999/00
22%
2002/03
22%
1998/99
18%
1973/74
17%
1968/69
15%
1972/73
15%
1996/97
13%
1989/90
11%
1993/94
10%
1984/85
9%
1971/72
8%
1985/86
8%
1988/89
8%
1986/87
7%
1980/81
4%
1979/80
3%
Keine übereinstimmenden Quizze gefunden
Verteilung der Resultate
Anzahl Personen mit jedem Resultat
Perzentil nach korrekt beantworteten Fragen
Ihre Resultats-Entwicklung
Sie haben dieses Quiz noch nicht gespielt